La barquita de mi pensamiento / (Record no. 47361)

MARC details
000 -LEADER
campo de control de longitud fija 00755nam a2200229 i 4500
001 - NÚMERO DE CONTROL
campo de control 47361
003 - IDENTIFICADOR DE NÚMERO DE CONTROL
campo de control ES-MaACL
005 - FECHA Y HORA DE LA ÚLTIMA TRANSACCIÓN
campo de control 20250620063013.0
007 - CAMPO FIJO DE DESCRIPCIÓN FÍSICA--INFORMACIÓN GENERAL
campo de control de longitud fija t|
008 - DATOS DE LONGITUD FIJA--INFORMACIÓN GENERAL
campo de control de longitud fija 030407m19561965sp a ||||1| spa d
080 ## - NÚMERO DE LA CLASIFICACIÓN DECIMAL UNIVERSAL
Número de la Clasificación Decimal Universal 821.134.2-94"19"
080 ## - NÚMERO DE LA CLASIFICACIÓN DECIMAL UNIVERSAL
Número de la Clasificación Decimal Universal 929 Corbera Fradera, Carolina
100 1# - ENTRADA PRINCIPAL--NOMBRE DE PERSONA
Nombre de persona Corbera Fradera, Carolina,
Fechas asociadas al nombre 1926-1979
9 (RLIN) 40459
245 13 - MENCIÓN DEL TÍTULO
Título La barquita de mi pensamiento /
Mención de responsabilidad, etc. por Carolina Corbera Fradera.
260 ## - PUBLICACIÓN, DISTRIBUCIÓN, ETC.
Lugar de publicación, distribución, etc. [Madrid] :
Nombre del editor, distribuidor, etc. Lincor,
Fecha de publicación, distribución, etc. 1956-1965.
300 ## - DESCRIPCIÓN FÍSICA
Extensión 13 v. :
Otras características físicas il. col. ;
Dimensiones 27 cm.
500 ## - NOTA GENERAL
Nota general Son los tomos: I-III, V-VI, VIII-XII.
650 #4 - PUNTO DE ACCESO ADICIONAL DE MATERIA--TÉRMINO DE MATERIA
Término de materia o nombre geográfico como elemento de entrada Diarios íntimos.
9 (RLIN) 145848
852 ## - LOCALIZACIÓN
Ubicación ES-MaACL
Número de control de estantería 2288-F-4-13
Encuadernación Olim P-463
852 ## - LOCALIZACIÓN
Ubicación ES-MaACL
Número de control de estantería 2288-F-1-3
Nota libre Sólo T. IX, XI y XII
Holdings
Estatus retirado Estado de pérdida Estado de daño No para préstamo Colección Biblioteca de origen Biblioteca actual Ubicación en estantería Fecha de adquisición Fuente de adquisición Total de préstamos Signatura topográfica completa Código de barras Visto por última vez Precio de reemplazo Tipo de ítem Koha
        Colección de folletos Biblioteca del Ateneo de Madrid Biblioteca del Ateneo de Madrid Depósito folletos 24/03/2011     2288-F-1-3 1186380 23/02/2023 23/02/2023 Folleto
        Colección de folletos Biblioteca del Ateneo de Madrid Biblioteca del Ateneo de Madrid Depósito folletos 17/01/2008     2288-F-4-13 1049811 23/02/2023 23/02/2023 Folleto